| 000 | 00974cam a2200277 a 4500 | ||
|---|---|---|---|
| 001 | 18238485 | ||
| 005 | 20201128021235.0 | ||
| 008 | 140723t2014 enka frb 001 0 eng d | ||
| 020 | _a9780080982052 | ||
| 040 |
_aCDX _beng _cCDX _dOCLCQ _dYDXCP _dLTSCA _dUKMGB _dFER _dDLC _dEG-ScBUE |
||
| 082 | 0 | 4 |
_a620.11 _bASH _222 |
| 100 | 1 |
_aAshby, M. F. _911151 |
|
| 245 | 1 | 0 |
_aMaterials and design : _bthe art and science of material selection in product design / _cMike Ashby, Kara Johnson. |
| 250 | _a3rd ed. | ||
| 260 |
_aOxford ; _aMassachusetts : _bButterworth-Heinemann / Elsevier, _cc.2014. |
||
| 300 |
_a389 p. : _bill. (some col.) ; _c25 cm. |
||
| 500 | _aIndex : p. 382-389. | ||
| 504 | _aIncludes bibliographical references. | ||
| 650 | 7 |
_aMaterials. _2BUEsh _91256 |
|
| 650 | 7 |
_aIndustrial design. _2BUEsh _911153 |
|
| 651 | _2BUEsh | ||
| 653 |
_bCOMAME _bENGGEN _cApril2015 |
||
| 655 |
_vreading book _934232 |
||
| 700 | 1 |
_aJohnson, Kara. _911154 |
|
| 942 |
_2ddc _k620.11 ASH |
||
| 999 |
_c19252 _d19224 |
||